000
00203 a2200097 4500
001
46759
100
_a
Bidwell S
245
_a
Modern warfare
260
_a
London
_b
Allen lane
_c
090
_c
29853
_d
29853
942
_a
NUST-CAE
_c
M
_c
22061
999
_c
281832
_d
281832